| 000 | 00720nam a2200217Ia 4500 | ||
|---|---|---|---|
| 005 | 20250108125102.0 | ||
| 008 | 008 250107s9999 xx 000 0 hin d | ||
| 037 | _aTB | ||
| 040 |
_aCRL _bhin _cCRL |
||
| 041 |
_ahin _2hin |
||
| 084 | _aV44Q7 Q8 | ||
| 084 | _qCRL | ||
| 100 | _aसलिल, सुरेश, ले. | ||
| 245 | 0 |
_aहवाए क्या क्या हैं _cसलिल, सुरेश, ले. |
|
| 260 |
_aदिल्ली, भारत _bराजपाल _c3258 |
||
| 300 | _a120पृ0 | ||
| 365 |
_aINR _b699 |
||
| 650 |
_aहिन्दी कविताहिन्दी साहित्य _9729733 |
||
| 942 |
_cTB _hV44Q7 Q8 |
||
| 999 |
_c1235646 _d1235646 |
||